000 00557nam a2200193Ia 4500
005 20250508162521.0
008 008 250505s9999 xx 000 0 eng d
020 _a0-04-327077-8
037 _aTextual
040 _aFEDL
_beng
_cFEDL
041 _aeng
_2eng
084 _a327, HOL
_qFEDL
100 _aHolsti K.J.
_9773348
245 0 _aDividing discipline : Hegemony and diversity in international theory
260 _aBoston, USA
_bAllen and Unwin
_c1985
300 _ax,165p.
942 _cTEXL
_h327, HOL
999 _c1377038
_d1377038